000 00688nam a2200241Ia 4500
003 GCL
008 140319s9999 xx 000 0 ara d
040 _aGCL /
_cGCL
082 0 4 _a811.03
_bم م
100 1 _aمحمود سامى البارودى
245 1 0 _aمراثى الشعر /
_cمحمود سامى البارودى
700 1 _aخليل مطران
260 _a[S.N] :
_bمطبعة الجوائب
300 _a88 ص
490 _a
650 0 4 _aالشعر العربى
650 0 4 _aالادب العربى
650 0 4 _aالادب
650 0 4 _aشعر الرثاء
650 0 4 _aالشعر
650 0 4 _aمحمود سامى البارودى
942 _2ddc
_cBK
999 _c27837
_d27837